| 000 | 08604nam0a22008051 4500 | ||
|---|---|---|---|
| 001 | RU\NLR\A1\1506 | ||
| 005 | 20260628211021.0 | ||
| 035 | _a(NLR Aleph) 009671658 | ||
| 090 |
_a9664126 _c9664126 |
||
| 100 | _a19961215d1744 m y0rusy50 ca | ||
| 101 | 1 |
_arus _clat |
|
| 102 | _aRU | ||
| 135 | _acrcn 024anaba | ||
| 140 | _ay y aayaa0000 | ||
| 200 | 1 |
_aКвинта Горация Флакка Десять писем первой книги _eпереведены с латинских стихов на руские и примечаниями изъяснены от знатнаго некотораго охотника до стихотворства с приобщенным при том письмом о сложении руских стихов _f[Перевел А.Д.Кантемир] |
|
| 210 |
_aПечатаны в Санктпетербурге _cпри Императорской Академии наук _d1744 |
||
| 215 |
_a[2], 81, [1], 24 c. _d4° |
||
| 310 | _aТираж 200 экз. | ||
| 316 |
_aЭкз. РНБ (18.149.3.25) в составном картон. пер., обтянутом бумагой «павлинье перо», с кожаными коричневыми корешком и уголками. На нижней крышке пер. экслибрис рус. фонда ГПБ с шифром. Корешок гладкий с блинтовым тиснением оборван снизу и сверху. Обрез крапчатый крас. Правая сторона форзаца и левая сторона нахзаца утрачены. На форзаце ярлык с шифром РНБ. В экз. РНБ. "Письмо Харитона Макентина" вплетено перед основным текстом. Перед ним вплетен дублетный тит. л., сильно обрезанный по краям. На с.1 2-й паг., 33 и 81 круглый штамп ГПБ. _5NLR: 18.149.3.25 |
||
| 316 |
_aЭкз. РНБ (140/123) в составном картон. пер., обтянутом бумагой «павлинье перо», с кожаными коричневыми корешком и уголками. Верхняя крышка пер. отрывается от кн. блока. На нижней крышке пер. экслибрис рус. фонда ГПБ с шифром. Корешок с 5-ю бинтами, с фрагм. черной кожаной наклейки, на которой золотом вытиснено«Горация Фла писем». На форзаце ярлык с шифром РНБ. На нахзаце техн. штамп. На тит. л. круглый штамп ГПБ и запись: "= Кантемира". На с.33 круглый штамп ГПБ. Размер: 26,2х20,7х1,5 см _5NLR: 140/123 |
||
| 316 |
_aЭкз. РНБ (РЗФ 18 в. 7/217) в составном картон. пер., с кожаным коричневым корешком. Углы крышек пер. расслаиваются. На верхней крыше пер. бумаж. наклейка "№ 28" и надпись: "Писмо Харитона Макентана сожерж". На нижней крышке пер. экслибрис рус. фонда ГПБ с шифром и рисунок пером (вероятно, схема бастионной системы укреплений). Корешок с 3-мя бинтами оборван снизу и сверху. Правая сторона форзаца и левая сторона нахзаца утрачены. На форзаце остатки стертой надписи и чернильное пятно. На нахзаце рисунок пером. На тит. л. и с.1 2-й паг. записи библиогр. характера. Тит. л. сверху обрезан. На обороте тит. л., с.17 2-й паг., с.24 2-й паг., с.33 круглый штамп ГПБ. На с.[1] 2-го ряда техн. штамп. "Письмо Харитона Макентина" вплетено перед основным текстом. _5NLR: РЗФ 18 в. 7/217 |
||
| 316 |
_aЭкз. РНБ (РЗФ 18 в. 7/217а) в обл. из зеленоватой и белой бумаги. На 4-й с. обл. экслибрис РЗФ ГПБ с шифром. орация Фла писем». На форзаце ярлык с шифром РНБ. На тит. л. круглый штамп "Госуд. Публичн. библиотека Дублет". На с.33 круглый штамп ГПБ. На с.[1] 2-го ряда техн. штамп. Экз. деф.: утрачены с.1-24 1-го ряда (Письмо Харитона Макентина). _5NLR: РЗФ 18 в. 7/217а |
||
| 316 |
_aЭкз. ВГБИЛ деф.: отсутствует "Письмо Харитона Макентина" _5ВГБИЛ |
||
| 317 |
_aВ экз. РНБ (140/123) на форзаце запись "№ 1371й СПб. Д. Акад". На корешке бумаж. наклейка с номером «137[1]». На тит. л. и с.7 штамп б-ки С.-Петербургской духовной академии (Богомолов 12013а). _5NLR: 140/123 |
||
| 317 |
_aЭкз. ИМПИ из б-ки Д.Г.Бурылина _5ИМПИ |
||
| 317 |
_aЭкз. ЗНБ СГУ из б-ки И.А.Шляпкина _5ЗНБ СГУ |
||
| 321 | 1 | _aСК XVIII 1557 | |
| 325 | _aКопия доступна в Электрон. б-ке РНБ | ||
| 327 | 0 | _aИз содерж.: "Письмо Харитона Макентина содержащее правила рускаго стихосложения" (С.1-24 2-й паг.) С отд. шмуцтит. Харитон Макентин - псевдоним А.Д.Кантемира | |
| 464 | 0 |
_12001#$aПисьмо Харитона Макентина содержащее правила рускаго стихосложения _12151#$aС.1-24 2-й паг. _1300##$aС отд. шмуцтит. Харитон Макентин - псевдоним А.Д.Кантемира. _1700#1$6z02790$aКантемир$bА. Д.$f1708-1744$3RU\NLR\AUTH\772864$gАнтиох Дмитриевич$4070 _1790#1$6z02702$aМакентин$bХ.$gХаритон _tПисьмо Харитона Макентина содержащее правила рускаго стихосложения _aКантемир, Антиох Дмитриевич (1708-1744) |
|
| 517 | 1 | _aДесять писем первой книги | |
| 620 | _dСанкт-Петербург | ||
| 700 | 1 |
_4070 _7ca _8rus _aГораций Флакк _bК. _f65-8 до н.э. _gКвинт _9154982 _3RU\NLR\AUTH\770155021 |
|
| 702 | 1 |
_4730 _4770 _8rus _7ca _aКантемир _bА. Д. _f1708-1744 _gАнтиох Дмитриевич _3RU\NLR\AUTH\772864 _9112871 |
|
| 702 | 1 |
_4390 _7ca _8rus _aШляпкин _bИ. А. _f1858-1918 _gИлья Александрович _967602 _3RU\NLR\AUTH\7784674 |
|
| 702 | 1 |
_4070 _7ca _8rus _aБурылин _bД. Г. _f1852-1924 _gДмитрий Геннадьевич _9111746 _3RU\NLR\AUTH\771726 |
|
| 712 | 0 | 2 |
_4610 _aАкадемическая типография _cПетербург _9303965 _3RU\NLR\AUTH\8815379 |
| 790 | 1 |
_6z02702 _aМакентин _bХ. _gХаритон |
|
| 801 | 0 |
_aRU _bNLR _c19961215 |
|
| 852 |
_aNLR _j18.149.3.25 |
||
| 852 |
_aNLR _j140/123 |
||
| 852 |
_aNLR _bРЗФ _j18 в. 7/217 |
||
| 852 |
_aNLR _bРЗФ _j18 в. 7/217а _yЭкз. деф. |
||
| 856 | 0 | _uhttps://vivaldi.nlr.ru/bx000019312/view | |
| 856 | 1 | _uhttps://vivaldi.nlr.ru/bx000019312/cover | |
| 856 | 2 | _uhttps://vivaldi.nlr.ru/bx000019312/text | |
| 899 | _aНБ РАХ | ||
| 899 |
_aНБЛ КГУ _y2 экз. |
||
| 899 | _aСОУБ | ||
| 899 | _aЗНБ СГУ | ||
| 899 |
_aВГБИЛ _yЭкз. деф. |
||
| 899 | _aКОНБ | ||
| 899 | _aБАН | ||
| 899 | _aМГУ | ||
| 899 | _aГПИБ | ||
| 899 | _aПОУБ | ||
| 899 | _aГМЗЦС | ||
| 899 | _aРГБ | ||
| 899 | _aИМПИ | ||
| 942 | _cBOOK | ||
| 980 | _aNB | ||
| 980 | 3 | _akpcivil2020 | |
| 980 | 3 | _akp2020 | |
| 980 | 3 | _akp | |
| 980 | _aA1XVIIIv | ||
| 981 | 2 | 0 |
_a(20) Книжные памятники РНБ _b(20) Русский книжный фонд |